000
00305nam a2200133Ia 4500
005
20251222144754.0
008
251222s9999||||xx |||||||||||||| ||spa||
020
_a
88-88405-08-9
082
_a
850.4/L45/Ej.2
100
_a
Da Vinci, Leonardo
245
0
_a
Pensamientos
264
_b
Italia
942
_c
LIB
999
_c
19474
_d
19474